[Event "Lloyds Bank Masters 3rd"]
[Site "London"]
[Date "1979.08.27"]
[Round "6"]
[White "Kraidman, Yair"]
[Black "Sowray, Peter John"]
[Result "1-0"]
[WhiteElo "2445"]
[BlackElo "2210"]
[PlyCount "121"]
[EventDate "1979.08.22"]
[EventType "swiss"]
[EventRounds "9"]
[EventCountry "ENG"]
[SourceTitle "Big Database 2020"]
[Source "ChessBase"]
[SourceDate "1999.07.01"]
[SourceVersion "1"]
[SourceVersionDate "1999.07.01"]
[SourceQuality "1"]

1. d4 Nf6 2. c4 g6 3. Nc3 d5 4. cxd5 Nxd5 5. e4 Nxc3 6. bxc3 Bg7 7. Bc4 O-O 8.
Ne2 c5 9. Be3 cxd4 10. cxd4 Qa5+ 11. Bd2 Qa3 12. Rb1 Nc6 13. d5 Ne5 14. Qb3
Qxb3 15. Bxb3 Nd3+ 16. Kf1 b6 17. Be3 Ba6 18. Kg1 Rac8 19. h3 Nc5 20. Ng3 Bd3
21. Rd1 Nxb3 22. Rxd3 Na5 23. Kh2 Rc4 24. Rc1 Rfc8 25. Rxc4 Nxc4 26. Bd4 Nb2
27. Bxb2 Bxb2 28. f4 Rc4 29. d6 exd6 30. Rxd6 Ra4 31. Rd8+ Kg7 32. Rd7 Kf6 33.
e5+ Ke6 34. Rd6+ Ke7 35. Ne2 b5 36. Rd2 Rb4 37. Kg3 a5 38. Kf3 a4 39. Rc2 a3
40. Rc7+ Ke6 41. Nc3 g5 42. Rc6+ Kd7 43. Rd6+ Ke8 44. Nd5 Rc4 45. g3 gxf4 46.
gxf4 Kf8 47. Rb6 Rc5 48. Ke4 Kg7 49. Ne3 h5 50. Nf5+ Kg8 51. Rb8+ Kh7 52. Nd6
Bc1 53. Kf5 Rc2 54. Nxf7 Bxf4 55. Kxf4 Rf2+ 56. Kg5 Rxf7 57. e6 Rg7+ 58. Kf6
Rg6+ 59. Ke5 Rg2 60. e7 Re2+ 61. Kf6 1-0

[Event "Lloyds Bank Masters 3rd"]
[Site "London"]
[Date "1979.08.27"]
[Round "6"]
[White "Martin, Andrew D"]
[Black "Watson, William N"]
[Result "0-1"]
[WhiteElo "2330"]
[BlackElo "2265"]
[PlyCount "80"]
[EventDate "1979.08.22"]
[EventType "swiss"]
[EventRounds "9"]
[EventCountry "ENG"]
[SourceTitle "Big Database 2020"]
[Source "ChessBase"]
[SourceDate "1999.07.01"]
[SourceVersion "1"]
[SourceVersionDate "1999.07.01"]
[SourceQuality "1"]

1. d4 Nf6 2. c4 g6 3. Nc3 Bg7 4. Bg5 O-O 5. Nf3 c5 6. e3 d6 7. Be2 h6 8. Bh4
Nc6 9. h3 b6 10. O-O Ne8 11. Rc1 Bd7 12. d5 Ne5 13. Nd2 g5 14. Bg3 f5 15. f4
Ng6 16. fxg5 hxg5 17. Bd3 Ne5 18. Bb1 Bh6 19. Qe2 Ng7 20. Rce1 Qe8 21. Nf3 Ng6
22. Bh2 Rf6 23. e4 g4 24. hxg4 fxg4 25. Nd2 Ne5 26. Rxf6 exf6 27. Nf1 Qh5 28.
Nb5 Bxb5 29. cxb5 Kf7 30. Bxe5 fxe5 31. g3 Ne8 32. Nh2 Nf6 33. Bc2 Rh8 34. Qg2
Ke7 35. Bd3 Nh7 36. Qe2 Ng5 37. Rf1 Nf3+ 38. Rxf3 gxf3 39. Nxf3 Rg8 40. Kf2 Qh3
0-1

[Event "Lloyds Bank Masters 3rd"]
[Site "London"]
[Date "1979.08.27"]
[Round "6"]
[White "Pein, Malcolm"]
[Black "Law, Andrew P"]
[Result "0-1"]
[WhiteElo "2205"]
[BlackElo "2375"]
[PlyCount "148"]
[EventDate "1979.08.22"]
[EventType "swiss"]
[EventRounds "9"]
[EventCountry "ENG"]
[SourceTitle "Big Database 2020"]
[Source "ChessBase"]
[SourceDate "1999.07.01"]
[SourceVersion "1"]
[SourceVersionDate "1999.07.01"]
[SourceQuality "1"]

1. d4 Nf6 2. c4 e6 3. Nc3 Bb4 4. Bg5 h6 5. Bh4 c5 6. Rc1 cxd4 7. Qxd4 Nc6 8.
Bxf6 Nxd4 9. Bxd8 Kxd8 10. e3 Nc6 11. a3 Be7 12. Nf3 d6 13. Be2 f5 14. O-O Bf6
15. Rfd1 Ke7 16. b4 Rd8 17. Rd3 g5 18. Nd4 Ne5 19. Rd2 Bd7 20. f4 Nc6 21. Ndb5
Bc8 22. e4 gxf4 23. exf5 f3 24. Bxf3 Bg5 25. f6+ Bxf6 26. Ne4 Be5 27. Rcd1 Bf4
28. Re2 a6 29. Nbc3 Ne5 30. c5 d5 31. Nd6 Nxf3+ 32. gxf3 Bxd6 33. cxd6+ Kxd6
34. Rg2 Bd7 35. Ne4+ Kc7 36. Rc1+ Bc6 37. Nc5 Re8 38. Re1 e5 39. Rg7+ Kb6 40.
Nd7+ Bxd7 41. Rxd7 d4 42. f4 exf4 43. Rd1 Re2 44. R7xd4 Rg8+ 45. Kh1 f3 46. Rf4
f2 47. Rf1 Kb5 48. R4xf2 Rxf2 49. Rxf2 Ka4 50. Rf7 b5 51. Rf6 Kxa3 52. Rxa6+
Kxb4 53. Rxh6 Kb3 54. h4 b4 55. h5 Kb2 56. Rg6 Rh8 57. h6 b3 58. Kg2 Kb1 59.
Kf3 b2 60. Ke3 Rb8 61. h7 Ka2 62. Rg2 Ka3 63. Rg1 Rh8 64. Rg8 Rxh7 65. Ra8+ Kb3
66. Rb8+ Kc2 67. Rc8+ Kb1 68. Ra8 Rd7 69. Ke2 Rd5 70. Ke1 Kc2 71. Rc8+ Kb3 72.
Rb8+ Ka3 73. Ke2 Ra5 74. Kd2 Ka2 0-1

[Event "Lloyds Bank Masters 3rd"]
[Site "London"]
[Date "1979.08.27"]
[Round "6"]
[White "Petursson, Margeir"]
[Black "Hodgson, Julian M"]
[Result "1-0"]
[WhiteElo "2420"]
[BlackElo "2285"]
[PlyCount "89"]
[EventDate "1979.08.22"]
[EventType "swiss"]
[EventRounds "9"]
[EventCountry "ENG"]
[SourceTitle "Big Database 2020"]
[Source "ChessBase"]
[SourceDate "1999.07.01"]
[SourceVersion "1"]
[SourceVersionDate "1999.07.01"]
[SourceQuality "1"]

1. Nf3 d6 2. d4 Bg4 3. c4 Bxf3 4. exf3 g6 5. Nc3 Bg7 6. Be3 Nf6 7. Be2 O-O 8.
O-O Nbd7 9. Rc1 e5 10. dxe5 Nxe5 11. f4 Nc6 12. Bf3 Qd7 13. c5 Rad8 14. cxd6
cxd6 15. Nb5 Rfe8 16. h3 d5 17. a4 Ne4 18. Nxa7 Bxb2 19. Rc2 Bg7 20. Nxc6 bxc6
21. Bb6 Rb8 22. a5 Qd6 23. g3 h5 24. h4 Bf6 25. Qc1 Rbc8 26. Rd1 Qe6 27. Re2 c5
28. Bxe4 dxe4 29. Bxc5 Qg4 30. Rc2 Rxc5 31. Rxc5 e3 32. Kg2 Bxh4 33. Re1 e2 34.
Qc3 Bd8 35. Qf3 Qd7 36. Rxe2 Rxe2 37. Qxe2 h4 38. a6 Bb6 39. Re5 Qc6+ 40. Qe4
Qc1 41. Re8+ Kh7 42. Qe5 Qc6+ 43. Kh2 hxg3+ 44. Kxg3 Qc2 45. Kh3 1-0

[Event "Lloyds Bank Masters 3rd"]
[Site "London"]
[Date "1979.08.27"]
[Round "6"]
[White "Ravikumar, Vaidyanathan"]
[Black "Littlewood, Paul E"]
[Result "1-0"]
[WhiteElo "2305"]
[BlackElo "2405"]
[PlyCount "107"]
[EventDate "1979.08.22"]
[EventType "swiss"]
[EventRounds "9"]
[EventCountry "ENG"]
[SourceTitle "Big Database 2020"]
[Source "ChessBase"]
[SourceDate "1999.07.01"]
[SourceVersion "1"]
[SourceVersionDate "1999.07.01"]
[SourceQuality "1"]

1. d4 Nf6 2. Nf3 g6 3. Bf4 Bg7 4. e3 d6 5. h3 O-O 6. Be2 Nbd7 7. O-O Qe8 8. Bh2
e5 9. c4 Qe7 10. Nc3 c6 11. Rc1 Ne8 12. b4 e4 13. Nd2 f5 14. Qb3 Kh8 15. a4
Ndf6 16. a5 g5 17. b5 f4 18. Rfe1 fxe3 19. fxe3 g4 20. hxg4 Bxg4 21. a6 Bxe2
22. Rxe2 cxb5 23. axb7 Rb8 24. cxb5 Rxb7 25. Rf1 Ng4 26. Rxf8+ Bxf8 27. Ncxe4
Rc7 28. Qb1 Nxh2 29. Kxh2 d5 30. Nf2 Qh4+ 31. Kg1 Qh5 32. Qf1 Rf7 33. Nf3 Bd6
34. Nh3 Bg3 35. Rc2 Nd6 36. Qe2 Re7 37. Qd3 Qf5 38. Qxf5 Nxf5 39. Nf4 Bxf4 40.
exf4 Ng3 41. Kh2 Nf5 42. Rc5 Re4 43. Rxd5 Rxf4 44. Rd7 h5 45. d5 Rb4 46. Rxa7
Rxb5 47. Rd7 Rb2 48. Kh3 Ne3 49. d6 Nxg2 50. Rf7 Kg8 51. d7 Rb8 52. Ne5 Ne1 53.
Re7 Kf8 54. Ng6+ 1-0

[Event "Lloyds Bank Masters 3rd"]
[Site "London"]
[Date "1979.08.27"]
[Round "6"]
[White "Sharif, Mershad"]
[Black "Chandler, Murray G"]
[Result "1/2-1/2"]
[WhiteElo "2445"]
[BlackElo "2380"]
[PlyCount "118"]
[EventDate "1979.08.22"]
[EventType "swiss"]
[EventRounds "9"]
[EventCountry "ENG"]
[SourceTitle "Big Database 2020"]
[Source "ChessBase"]
[SourceDate "1999.07.01"]
[SourceVersion "1"]
[SourceVersionDate "1999.07.01"]
[SourceQuality "1"]

1. e4 d6 2. d4 Nf6 3. Nc3 g6 4. Nf3 Bg7 5. Be2 O-O 6. O-O Bg4 7. Be3 Nc6 8. d5
Bxf3 9. Bxf3 Ne5 10. Be2 c6 11. dxc6 bxc6 12. Qd2 Qc7 13. Rad1 Rfd8 14. Bg5
Rab8 15. b3 Ned7 16. Rfe1 Nc5 17. Bf3 e5 18. Be3 Ne6 19. a3 Rd7 20. Qd3 Rbd8
21. Qc4 Qb7 22. Qf1 Ne8 23. g3 N8c7 24. Rd2 f5 25. Rdd1 f4 26. Bd2 Nd4 27. Qd3
Rf7 28. Bg2 Nce6 29. Na4 d5 30. b4 dxe4 31. Bxe4 fxg3 32. Qxg3 Qa6 33. Nc3 Qxa3
34. Nb1 Qa6 35. Kh1 Qc8 36. Be3 Rdf8 37. Nd2 Nf4 38. Bxd4 exd4 39. f3 Qb7 40.
Rb1 Qb5 41. Qf2 Rd8 42. Qf1 d3 43. c4 Qb6 44. Rb3 a5 45. bxa5 Qxa5 46. Rd1 Qa4
47. Rb6 c5 48. Rbb1 Bc3 49. Rbc1 Bb2 50. Rb1 Bc3 51. Rbc1 Bf6 52. Rb1 Kg7 53.
Nb3 Qxc4 54. Rdc1 Qa4 55. Nxc5 Qa3 56. Rb3 Qa2 57. Bxd3 Nxd3 58. Rxd3 Re8 59.
Ne4 Be5 1/2-1/2

[Event "Lloyds Bank Masters 3rd"]
[Site "London"]
[Date "1979.08.27"]
[Round "6"]
[White "Taulbut, Shaun M"]
[Black "Odendahl, Steven M"]
[Result "0-1"]
[WhiteElo "2390"]
[BlackElo "2370"]
[PlyCount "40"]
[EventDate "1979.08.22"]
[EventType "swiss"]
[EventRounds "9"]
[EventCountry "ENG"]
[SourceTitle "Big Database 2020"]
[Source "ChessBase"]
[SourceDate "1999.07.01"]
[SourceVersion "1"]
[SourceVersionDate "1999.07.01"]
[SourceQuality "1"]

1. e4 Nc6 2. Nf3 e5 3. Bb5 a6 4. Ba4 d6 5. c3 Bd7 6. d4 Nf6 7. O-O Qe7 8. Re1
g6 9. c4 Nxd4 10. Nxd4 exd4 11. Bg5 Bg7 12. Bxd7+ Qxd7 13. e5 dxe5 14. Rxe5+
Kf8 15. Qf3 Qc6 16. Nd2 h6 17. Bxf6 Bxf6 18. Rd5 Kg7 19. Ne4 Rhe8 20. Rd1 Be5
0-1

[Event "Lloyds Bank Masters 3rd"]
[Site "London"]
[Date "1979.08.27"]
[Round "6"]
[White "Van Baarle, John"]
[Black "Balinas, Rosendo Carrean"]
[Result "1-0"]
[WhiteElo "2325"]
[BlackElo "2365"]
[PlyCount "43"]
[EventDate "1979.08.22"]
[EventType "swiss"]
[EventRounds "9"]
[EventCountry "ENG"]
[SourceTitle "Big Database 2020"]
[Source "ChessBase"]
[SourceDate "1999.07.01"]
[SourceVersion "1"]
[SourceVersionDate "1999.07.01"]
[SourceQuality "1"]

1. e4 c5 2. Nf3 d6 3. Bb5+ Nd7 4. d4 Ngf6 5. Nc3 cxd4 6. Qxd4 a6 7. Bxd7+ Bxd7
8. Bg5 Qa5 9. e5 dxe5 10. Nxe5 Be6 11. O-O-O Rd8 12. Qe3 Nd5 13. Nxd5 Bxd5 14.
c4 Bxg2 15. Rxd8+ Qxd8 16. Rg1 Bc6 17. Qh3 Qc7 18. Rd1 f6 19. Bxf6 Bb5 20. b3
g6 21. Bxh8 Bxc4 22. bxc4 1-0

[Event "Lloyds Bank Masters 3rd"]
[Site "London"]
[Date "1979.08.27"]
[Round "6"]
[White "Westerinen, Heikki MJ"]
[Black "Botterill, George Steven"]
[Result "1/2-1/2"]
[WhiteElo "2465"]
[BlackElo "2390"]
[PlyCount "62"]
[EventDate "1979.08.22"]
[EventType "swiss"]
[EventRounds "9"]
[EventCountry "ENG"]
[SourceTitle "Big Database 2020"]
[Source "ChessBase"]
[SourceDate "1999.07.01"]
[SourceVersion "1"]
[SourceVersionDate "1999.07.01"]
[SourceQuality "1"]

1. e4 e6 2. d4 d5 3. Nd2 c5 4. exd5 exd5 5. Bb5+ Nc6 6. Ngf3 Bd6 7. O-O Nge7 8.
dxc5 Bxc5 9. Nb3 Bd6 10. Nbd4 O-O 11. b3 Bg4 12. Bb2 Qb6 13. Be2 Bc5 14. Nxc6
bxc6 15. Ng5 Bf5 16. Bd3 f6 17. Bxf5 Nxf5 18. Ne6 Rfe8 19. Nxc5 Qxc5 20. Qd3
Re4 21. c4 Rae8 22. cxd5 Qxd5 23. Qxd5+ cxd5 24. Rad1 Re2 25. Bc3 Rc8 26. Rxd5
Ne3 27. fxe3 Rxc3 28. Rd4 Rxa2 29. Rf2 Rc1+ 30. Rf1 Rcc2 31. Rg4 h5 1/2-1/2

[Event "Lloyds Bank Masters 3rd"]
[Site "London"]
[Date "1979.08.28"]
[Round "7"]
[White "Britton, Richard"]
[Black "Haik, Aldo"]
[Result "0-1"]
[WhiteElo "2300"]
[BlackElo "2435"]
[PlyCount "104"]
[EventDate "1979.08.22"]
[EventType "swiss"]
[EventRounds "9"]
[EventCountry "ENG"]
[SourceTitle "Big Database 2020"]
[Source "ChessBase"]
[SourceDate "1999.07.01"]
[SourceVersion "1"]
[SourceVersionDate "1999.07.01"]
[SourceQuality "1"]

1. e4 e5 2. Nf3 Nc6 3. Bb5 a6 4. Ba4 Bc5 5. O-O f6 6. c3 d6 7. d4 Ba7 8. a3
Nge7 9. Bb3 Bg4 10. Be3 Ng6 11. h3 Bxf3 12. Qxf3 exd4 13. cxd4 Nxd4 14. Bxd4
Bxd4 15. Nc3 Bxc3 16. Qxc3 Qe7 17. Qb4 O-O-O 18. Bd5 c5 19. Qd2 Kb8 20. b4 b6
21. Rab1 Ka7 22. Rb3 Rb8 23. Rfb1 Qc7 24. Rg3 Rhe8 25. a4 Re7 26. Rd1 Rd8 27.
Rc3 Rb8 28. a5 Ne5 29. axb6+ Rxb6 30. bxc5 dxc5 31. Ra1 Qd6 32. Qc1 Rc7 33. Qa3
c4 34. Qa4 Qb4 35. Qc2 Rc5 36. Rca3 g5 37. Qe2 Qb5 38. Qh5 Qd7 39. Qe2 Qd6 40.
Qe3 Qc7 41. Rc3 h5 42. Qd4 Rb8 43. Rac1 Nd3 44. Rf1 Nf4 45. Qe3 Rb2 46. Ra3 a5
47. g3 Ne2+ 48. Kg2 h4 49. Re1 Nxg3 50. Qd4 c3 51. Qxf6 Qf4 52. Qxf4 gxf4 0-1

[Event "Lloyds Bank Masters 3rd"]
[Site "London"]
[Date "1979.08.28"]
[Round "7"]
[White "Chandler, Murray G"]
[Black "Basman, Michael J"]
[Result "1-0"]
[WhiteElo "2380"]
[BlackElo "2405"]
[PlyCount "59"]
[EventDate "1979.08.22"]
[EventType "swiss"]
[EventRounds "9"]
[EventCountry "ENG"]
[SourceTitle "Big Database 2020"]
[Source "ChessBase"]
[SourceDate "1999.07.01"]
[SourceVersion "1"]
[SourceVersionDate "1999.07.01"]
[SourceQuality "1"]

1. d4 b5 2. e4 a6 3. a4 Bb7 4. axb5 axb5 5. Rxa8 Bxa8 6. Nd2 e6 7. Bxb5 f5 8.
Qe2 Nf6 9. Bd3 c5 10. Ngf3 c4 11. Bxc4 fxe4 12. Ne5 Bd6 13. c3 O-O 14. O-O Qc7
15. f4 Nc6 16. Ba2 Qa7 17. Bb1 Nxe5 18. fxe5 Bxe5 19. Kh1 Bd6 20. h3 Qb7 21.
Rxf6 gxf6 22. Nxe4 Bb8 23. Bh6 Rf7 24. Kg1 Qc7 25. Qg4+ Kh8 26. Qh5 Qh2+ 27.
Kf1 Qh1+ 28. Kf2 Qxb1 29. Qxf7 Qxb2+ 30. Nd2 1-0

[Event "Lloyds Bank Masters 3rd"]
[Site "London"]
[Date "1979.08.28"]
[Round "7"]
[White "Crouch, Colin S"]
[Black "Westerinen, Heikki MJ"]
[Result "0-1"]
[WhiteElo "2300"]
[BlackElo "2465"]
[PlyCount "64"]
[EventDate "1979.08.22"]
[EventType "swiss"]
[EventRounds "9"]
[EventCountry "ENG"]
[SourceTitle "Big Database 2020"]
[Source "ChessBase"]
[SourceDate "1999.07.01"]
[SourceVersion "1"]
[SourceVersionDate "1999.07.01"]
[SourceQuality "1"]

1. g3 d5 2. Bg2 c6 3. d3 Nf6 4. Nf3 e6 5. O-O Be7 6. Nbd2 O-O 7. e4 a5 8. Re1
b5 9. e5 Nfd7 10. Nf1 c5 11. h4 Ra6 12. Ng5 Nxe5 13. Rxe5 f6 14. Qh5 fxg5 15.
hxg5 g6 16. Qg4 Nc6 17. Re1 Nd4 18. Ne3 Bxg5 19. f4 Bf6 20. c3 Nc6 21. Bd2 d4
22. Nf1 dxc3 23. bxc3 b4 24. f5 bxc3 25. Be3 Ne5 26. Qa4 gxf5 27. Bxc5 Nxd3 28.
Bxf8 Qd4+ 29. Qxd4 Bxd4+ 30. Kh2 Nxe1 31. Bh6 Nxg2 32. Kxg2 Bb7+ 0-1

[Event "Lloyds Bank Masters 3rd"]
[Site "London"]
[Date "1979.08.28"]
[Round "7"]
[White "Donaldson, John W"]
[Black "Pein, Malcolm"]
[Result "0-1"]
[WhiteElo "2310"]
[BlackElo "2205"]
[PlyCount "82"]
[EventDate "1979.08.22"]
[EventType "swiss"]
[EventRounds "9"]
[EventCountry "ENG"]
[SourceTitle "Big Database 2020"]
[Source "ChessBase"]
[SourceDate "1999.07.01"]
[SourceVersion "1"]
[SourceVersionDate "1999.07.01"]
[SourceQuality "1"]

1. e4 d6 2. d4 Nf6 3. Nc3 g6 4. f4 Bg7 5. Nf3 c5 6. Bb5+ Bd7 7. e5 Ng4 8. e6
Bxb5 9. exf7+ Kd7 10. Nxb5 Qa5+ 11. Nc3 cxd4 12. Nxd4 Bxd4 13. Qxd4 Nc6 14. Qc4
Qb6 15. Qe2 h5 16. h3 Nh6 17. Bd2 Nf5 18. Ne4 Ncd4 19. Qd3 Qxb2 20. O-O Qxc2
21. Qxc2 Nxc2 22. Rab1 Rab8 23. Bc3 Rhf8 24. Ng5 h4 25. Rfd1 b6 26. Rbc1 Nce3
27. Rd3 Rbc8 28. Kf2 Nc4 29. a4 Na5 30. Rb1 Nb7 31. a5 Nc5 32. Rdd1 bxa5 33.
Bxa5 Nh6 34. Nf3 Nxf7 35. Nxh4 Ne5 36. g3 g5 37. Ng2 gxf4 38. gxf4 Ncd3+ 39.
Kg3 Rg8+ 40. Kh2 Nf3+ 41. Kh1 Nf2# 0-1

[Event "Lloyds Bank Masters 3rd"]
[Site "London"]
[Date "1979.08.28"]
[Round "7"]
[White "Franklin, Michael J"]
[Black "Iskov, Gert"]
[Result "1-0"]
[WhiteElo "2345"]
[BlackElo "2370"]
[PlyCount "61"]
[EventDate "1979.08.22"]
[EventType "swiss"]
[EventRounds "9"]
[EventCountry "ENG"]
[SourceTitle "Big Database 2020"]
[Source "ChessBase"]
[SourceDate "1999.07.01"]
[SourceVersion "1"]
[SourceVersionDate "1999.07.01"]
[SourceQuality "1"]

1. d4 c5 2. e3 cxd4 3. exd4 d5 4. Nf3 Nc6 5. c3 g6 6. Bd3 Bg7 7. Bf4 Nf6 8. h3
Bf5 9. Bxf5 gxf5 10. O-O e6 11. Nbd2 Ne4 12. Nb3 O-O 13. Nc1 b5 14. Nd3 Qb6 15.
Nfe5 Nxe5 16. Nxe5 Rfd8 17. Qh5 Qb7 18. f3 Nd6 19. Nd3 Qe7 20. Rfe1 Rac8 21. a4
a6 22. axb5 axb5 23. Ra6 Ne8 24. Rea1 Rd7 25. Nc5 Rxc5 26. dxc5 Qxc5+ 27. Kh1
Qc4 28. Bg5 Rc7 29. Ra8 Qc6 30. R1a6 Qd7 31. Rd8 1-0

[Event "Lloyds Bank Masters 3rd"]
[Site "London"]
[Date "1979.08.28"]
[Round "7"]
[White "Friedgood, David"]
[Black "Odendahl, Steven M"]
[Result "0-1"]
[WhiteElo "2310"]
[BlackElo "2370"]
[PlyCount "67"]
[EventDate "1979.08.22"]
[EventType "swiss"]
[EventRounds "9"]
[EventCountry "ENG"]
[SourceTitle "Big Database 2020"]
[Source "ChessBase"]
[SourceDate "1999.07.01"]
[SourceVersion "1"]
[SourceVersionDate "1999.07.01"]
[SourceQuality "1"]

1. c4 g6 2. Nc3 Bg7 3. d4 d6 4. e4 Nf6 5. Be2 O-O 6. Bg5 h6 7. Be3 c5 8. dxc5
Qa5 9. Bd2 Qxc5 10. h3 b6 11. Nf3 Bb7 12. Qc2 Nbd7 13. O-O Rac8 14. Be3 Qc7 15.
b4 Qb8 16. Rac1 Qa8 17. Nd2 d5 18. exd5 Nxd5 19. Nxd5 Bxd5 20. Bf3 Bxf3 21.
Nxf3 Rc7 22. Rfd1 Rfc8 23. Qa4 Qb7 24. c5 bxc5 25. bxc5 Nf8 26. Rc2 Ne6 27.
Rdc1 Qd5 28. c6 g5 29. Rd2 Qf5 30. Kh2 h5 31. Rc4 g4 32. hxg4 hxg4 33. Rxg4
Rxc6 34. Qe4 0-1

[Event "Lloyds Bank Masters 3rd"]
[Site "London"]
[Date "1979.08.28"]
[Round "7"]
[White "Goodman, David SC"]
[Black "Westerveld, Wim"]
[Result "1/2-1/2"]
[WhiteElo "2340"]
[BlackElo "2250"]
[PlyCount "128"]
[EventDate "1979.08.22"]
[EventType "swiss"]
[EventRounds "9"]
[EventCountry "ENG"]
[SourceTitle "Big Database 2020"]
[Source "ChessBase"]
[SourceDate "1999.07.01"]
[SourceVersion "1"]
[SourceVersionDate "1999.07.01"]
[SourceQuality "1"]

1. d4 Nf6 2. c4 c5 3. d5 b5 4. cxb5 a6 5. f3 d6 6. e4 g6 7. a4 Bg7 8. Na3 O-O
9. Ne2 e6 10. Nc3 exd5 11. Nxd5 Nxe4 12. fxe4 Qh4+ 13. Kd2 Qxe4 14. Qf3 Bh6+
15. Kd1 Qd4+ 16. Qd3 Bg4+ 17. Kc2 Qf2+ 18. Kb3 Bxc1 19. Rxc1 axb5 20. axb5 Be6
21. Qe4 Nc6 22. Kc3 Bxd5 23. Qxd5 Nb4 24. Qd2 Qf6+ 25. Kb3 Qe6+ 26. Bc4 d5 27.
Be2 Qb6 28. Rhe1 c4+ 29. Bxc4 dxc4+ 30. Rxc4 Na6 31. Qc3 Nb8 32. Re7 Ra7 33.
Rxa7 Qxa7 34. Rc7 Qb6 35. Qc5 Qe6+ 36. Nc4 Qg4 37. Qd5 Qf4 38. Ne5 h5 39. g3
Qf6 40. h4 Qf5 41. b6 Qf2 42. Qb5 Qxg3+ 43. Ka2 Qf2 44. b7 Qa7+ 45. Kb1 Qg1+
46. Rc1 Qd4 47. Rc4 Qg1+ 48. Ka2 Qa7+ 49. Ra4 Qf2 50. Qd5 Kh7 51. Ra8 Qf4 52.
Nc6 Nxc6 53. Qxc6 Rb8 54. Rxb8 Qxb8 55. b4 Qd8 56. Qc8 Qd2+ 57. Kb3 Qd3+ 58.
Kb2 Qd2+ 59. Qc2 Qxb4+ 60. Qb3 Qd2+ 61. Kb1 Qe1+ 62. Kc2 Qe2+ 63. Kc3 Qe3+ 64.
Kb4 Qe6 1/2-1/2

[Event "Lloyds Bank Masters 3rd"]
[Site "London"]
[Date "1979.08.28"]
[Round "7"]
[White "Hodgson, Julian M"]
[Black "Cuartas, Carlos Enrique"]
[Result "1/2-1/2"]
[WhiteElo "2285"]
[BlackElo "2425"]
[PlyCount "100"]
[EventDate "1979.08.22"]
[EventType "swiss"]
[EventRounds "9"]
[EventCountry "ENG"]
[SourceTitle "Big Database 2020"]
[Source "ChessBase"]
[SourceDate "1999.07.01"]
[SourceVersion "1"]
[SourceVersionDate "1999.07.01"]
[SourceQuality "1"]

1. e4 e6 2. d4 d5 3. e5 c5 4. c3 Nc6 5. Nf3 Qb6 6. a3 a5 7. Bd3 Bd7 8. O-O Nh6
9. Qe2 cxd4 10. cxd4 Nf5 11. Be3 Be7 12. Nc3 Nxe3 13. fxe3 Rc8 14. Kh1 Na7 15.
Rac1 O-O 16. e4 Bc6 17. exd5 Bxd5 18. Nxd5 exd5 19. Bb1 Qh6 20. Rxc8 Rxc8 21.
Ba2 Qc6 22. Nd2 Qe6 23. Nb1 Nc6 24. Qf2 Bg5 25. Nc3 Rd8 26. Nb5 Rd7 27. Qf3 h6
28. Rd1 Ne7 29. Nc3 g6 30. g3 Kg7 31. a4 Rd8 32. Bb3 h5 33. Rf1 h4 34. g4 Bd2
35. Qf6+ Kg8 36. Qxe6 fxe6 37. Rf6 Bxc3 38. bxc3 Rc8 39. Rxe6 Rxc3 40. Rxe7
Rxb3 41. Rd7 Rb4 42. Rxd5 Rxa4 43. e6 Kf8 44. Rd7 b5 45. Kg2 Ra2+ 46. Kf3 Rxh2
47. d5 Rd2 48. d6 Ke8 49. Re7+ Kd8 50. Rd7+ Ke8 1/2-1/2

[Event "Lloyds Bank Masters 3rd"]
[Site "London"]
[Date "1979.08.28"]
[Round "7"]
[White "Jansson, Borje"]
[Black "Petursson, Margeir"]
[Result "1/2-1/2"]
[WhiteElo "2410"]
[BlackElo "2420"]
[PlyCount "62"]
[EventDate "1979.08.22"]
[EventType "swiss"]
[EventRounds "9"]
[EventCountry "ENG"]
[SourceTitle "Big Database 2020"]
[Source "ChessBase"]
[SourceDate "1999.07.01"]
[SourceVersion "1"]
[SourceVersionDate "1999.07.01"]
[SourceQuality "1"]

1. e4 c5 2. Nf3 Nc6 3. Bb5 g6 4. O-O Bg7 5. c3 Nf6 6. d4 cxd4 7. cxd4 Nxe4 8.
d5 Nd6 9. a4 Ne5 10. Nxe5 Bxe5 11. Re1 Bf6 12. Bh6 Nf5 13. Qd2 a6 14. Bd3 Nxh6
15. Qxh6 e6 16. Nc3 Bg5 17. Qh3 O-O 18. dxe6 fxe6 19. Rad1 d5 20. Be2 Qb6 21.
Qg3 Rxf2 22. a5 Qa7 23. Kh1 Bf4 24. Qh4 Be3 25. Rf1 Qc5 26. Rxf2 Bxf2 27. Qd8+
Kg7 28. Bg4 Ra7 29. Nxd5 exd5 30. Bxc8 b5 31. axb6 Qxb6 1/2-1/2

[Event "Lloyds Bank Masters 3rd"]
[Site "London"]
[Date "1979.08.28"]
[Round "7"]
[White "Kerkhoff, Leo"]
[Black "Leow, Leslie M"]
[Result "0-1"]
[WhiteElo "2300"]
[BlackElo "2280"]
[PlyCount "118"]
[EventDate "1979.08.22"]
[EventType "swiss"]
[EventRounds "9"]
[EventCountry "ENG"]
[SourceTitle "Big Database 2020"]
[Source "ChessBase"]
[SourceDate "1999.07.01"]
[SourceVersion "1"]
[SourceVersionDate "1999.07.01"]
[SourceQuality "1"]

1. e4 c5 2. Nf3 d6 3. d4 cxd4 4. Nxd4 Nf6 5. Nc3 a6 6. Bg5 e6 7. f4 Be7 8. Qf3
Qc7 9. O-O-O Nbd7 10. Bd3 h6 11. Bh4 g5 12. fxg5 Ne5 13. Qe2 Nfg4 14. h3 hxg5
15. Bg3 Nf6 16. Rhf1 Bd7 17. Qf2 O-O-O 18. Nf3 Nh5 19. Kb1 Rh7 20. Bh2 Bf6 21.
Nxe5 Bxe5 22. Bxe5 dxe5 23. g3 Rf8 24. Be2 f6 25. Bg4 Kb8 26. Rd3 Ng7 27. Rfd1
Bc6 28. Qc5 Rhh8 29. Rd6 Rd8 30. a4 Rxd6 31. Rxd6 f5 32. Be2 Rxh3 33. Qxe5 Bd7
34. Qd4 Kc8 35. Rb6 Bc6 36. a5 Rxg3 37. exf5 Nxf5 38. Qh8+ Kd7 39. Bxa6 bxa6
40. Qh7+ Ne7 41. Rxa6 Bb7 42. Rb6 Rg1+ 43. Ka2 Qc4+ 44. Rb3 Ba6 45. Qh2 Rg4 46.
Qf2 Nc6 47. Qf7+ Ne7 48. Qf2 Ke8 49. Ka3 Rd4 50. Rb8+ Kd7 51. Qf8 Qc5+ 52. Ka2
Qxa5+ 53. Kb1 Nc6 54. Qe8+ Kd6 55. Qf8+ Kc7 56. Nb5+ Bxb5 57. Qc8+ Kd6 58. Qf8+
Ke5 59. Qc5+ Ke4 0-1

[Event "Lloyds Bank Masters 3rd"]
[Site "London"]
[Date "1979.08.28"]
[Round "7"]
[White "King, Daniel J"]
[Black "Hillyard, Graham D"]
[Result "1-0"]
[WhiteElo "2265"]
[BlackElo "2325"]
[PlyCount "61"]
[EventDate "1979.08.22"]
[EventType "swiss"]
[EventRounds "9"]
[EventCountry "ENG"]
[SourceTitle "Big Database 2020"]
[Source "ChessBase"]
[SourceDate "1999.07.01"]
[SourceVersion "1"]
[SourceVersionDate "1999.07.01"]
[SourceQuality "1"]

1. e4 c6 2. d4 d5 3. exd5 cxd5 4. c4 Nf6 5. Nc3 g6 6. Qb3 Bg7 7. cxd5 O-O 8.
Be2 Nbd7 9. Bf3 Nb6 10. Bg5 a5 11. a4 Qd6 12. Nge2 Rd8 13. Bxf6 Bxf6 14. Ne4
Qb4+ 15. Qxb4 axb4 16. Nxf6+ exf6 17. O-O Nxd5 18. Rfc1 Be6 19. Rc5 Nb6 20. Rb5
Nc4 21. Rxb4 Na5 22. Rd1 Bb3 23. Rc1 Bd5 24. Bxd5 Rxd5 25. Nc3 Rd6 26. d5 Rc8
27. Rd1 Rc5 28. Rb5 b6 29. Rxc5 bxc5 30. Ne4 Rb6 31. d6 1-0